000 00398nam a22001577a 4500
005 20250902132007.0
008 250902b |||||||| |||| 00| 0 eng d
082 _a880.1
_bTWI-H
100 _aTwain Mark
245 _aHuckleberry Finn /
260 _aUSA:
_bPearson;
_c2020.
300 _axiv, 180 p. :
_bill;
_c24 cm.
500 _ainclude index.
650 _aEnglish Litreature
999 _c37089
_d37089